000 00326nam a22001337a 4500
008 170310b xxu||||| |||| 00| 0 eng d
020 _a9780071638050
041 _aeng
080 _23RD
_a616-002.77
100 _a7
101 _aSHM
245 _aCURRENT DIAGNOSIS & TREATMENT IN RHEUMATOLOGY
_cIMBODEN, J.B
942 _2udc
_cBK
999 _c7459
_d7459